000 00538 a2200193 4500
001 61875
005 20260407155911.0
008 260407a1974 arg spa d
003 AR-UNSa-BCEJYS
040 _aAR-UNSa-BCEJYS
_bspa
_cAR-UNSa-BCEJYS
080 _a347.72
_xSociedades comerciales
245 1 0 _aCapital social y acciones nominativas
264 1 _aBuenos Aires :
_bCangallo
_c1974
300 _a243 p.
_c23 cm.
041 _aspa
942 _cBK
590 _aniveau_biblio:m niveau_hierar:0
100 1 _aMascheroni, Fernando H.
999 _c7465
_d7465